| 000 | | | 03918nac2a22002533x 450 |
| 001 | | | 48e61b31-20ee-4164-ab26-be67d4ea1ea7 |
| 005 | | | 20220204124209.0 |
| 100 | ## | $a | 20211219l19261926k y0rusy50 ca |
| 101 | 0# | $a | rus |
| 102 | ## | $a | RU |
| 105 | ## | $a | y z ||||| |
| 122 | 2# | $a | d19260218 |
| | $a | d19261112 |
| 200 | 1# | $a | Сведения о деятельности Всесоюзной Комиссии по организации и распоряжению фондом им. В. И. Ленина помощи беспризорным детям |
| | $j | 18.02.1926 - 12.11.1926 |
| 215 | ## | $a | 6 листов |
| 251 | ## | $c | Дело |
| 300 | ## | $a | Листы: 1-5 - заломы и замятость по нижнему краю |
| 300 | ## | $a | Часть текста машинописная, часть - напечатана типографским способом |
| 461 | #0 | $1 | 001796d4672-8a00-4986-b488-6e42273792cc |
| | $1 | 2001 |
| | $a | ЦЕНТРАЛЬНЫЙ ИСПОЛНИТЕЛЬНЫЙ КОМИТЕТ СССР (ЦИК СССР) |
| | $1 | 251 |
| | $c | Фонд |
| | $1 | 852 |
| | $j | 3316 |
| | $g | Р |
| 462 | #0 | $1 | 001e365b2fb-f374-4764-a068-dc9012f0aaee |
| | $1 | 2001 |
| | $a | Дела Секретариата Президиума ЦИК Союза ССР за 1926 г. |
| | $v | Д. 10 |
| | $1 | 251 |
| | $c | Опись |
| | $1 | 852 |
| | $j | 19 |
| 601 | 01 | $3 | RU\NLR\AUTH\880357276 |
| | $a | СССР |
| | $b | ЦИК |
| 601 | 01 | $3 | RU\NLR\AUTH\8810187346 |
| | $a | РСФСР |
| | $b | Комиссия по организации и распоряжению фондом им. Ленина для помощи беспризорным детям |
| 801 | #0 | $a | RU |
| | $b | GA_RF |
| 801 | #1 | $a | RU |
| | $b | ГлавНИВЦ |
| | $c | 20211219 |
| | $2 | rusmarc |
| 801 | #2 | $a | RU |
| | $b | ПБ им. Б.Н. Ельцина |
| | $c | 20220204 |
| | $g | RCR |
| | $2 | rusmarc |
| 852 | ## | $a | ГА РФ |
| | $j | 10 |
| 937 | ## | $d | 173865527 |
| | $h | ГАРФ |
| 035 | ## | $a | RuPRLIB51066318 |
| 856 | ## | $u | http://readingroom.main.prlib.ru/item.aspx?id_node=n173865527&mode=full |